| 000 | 00462nam a2200145Ia 4500 | ||
|---|---|---|---|
| 008 | 231217s9999 xx 000 0 und d | ||
| 041 | _aEnglish | ||
| 082 | _a658.4012 WIT;1 R | ||
| 100 | _aDewit, Bob. Meyer, Ron. | ||
| 245 | 0 | _aStrategy synthesis : resolving strategy paradoxes to create competitive advantage | |
| 260 |
_c2005 _bThomson _aAustralia |
||
| 300 | _axx, 469 | ||
| 650 | _aStrategy,resolving,strategy,paradoxes,create,advantage | ||
| 942 | _cAA | ||
| 999 |
_c182054 _d182054 |
||